000 00714cam a22002172 4500
001 0000002960
005 20151217151909.0
008 070424s xx 000 0 eng d
020 _a0333626613 :
_cKES 4,875
040 _aKABU
_cKABU
050 0 _aHG1811
_b.G66
100 1 _aGoodhart, Charles Albert Eric.
_@0000152478
245 1 4 _aThe Central bank and the financial system /
_cC. A. E. Goodhart.
260 _aHoundmills, Basingstoke, Hampshire ;
_aLondon :
_bMacmillan,
_c1995.
300 _axiv, 528 p. ;
_c24 cm.
650 0 _aBanks and banking, Central.
_@0000152509
650 0 _aBank of England.
_@0000152510
908 _a070424
950 _@1
999 _c6133
_d6133